[Event "II Weekend A"]
[Site "Novara ITA"]
[Date "2012.11.02"]
[Round "1"]
[White "Petkov, Vladimir"]
[Black "Ventura, Franco"]
[Result "1-0"]
[WhiteElo "2566"]
[BlackElo "2083"]
[PlyCount "151"]
[EventDate "2012.11.02"]

1. d4 Nf6 2. c4 g6 3. Nc3 Bg7 4. e4 d6 5. h3 O-O 6. Nf3 c5 7. d5 Na6 8. Bd3 Nc7
9. O-O e5 10. a3 h6 11. b4 b6 12. bxc5 bxc5 13. Rb1 Nh5 14. Bc2 Re8 15. Re1 Re7
16. Ba4 Bd7 17. Be3 Ne8 18. Bc6 Rc8 19. Qa4 Nef6 20. Rb7 Be8 21. Reb1 Rec7 22.
Qxa7 Bxc6 23. dxc6 Rxc6 24. Rxf7 R6c7 25. Rxc7 Rxc7 26. Rb8 Rxa7 27. Rxd8+ Kh7
28. a4 Ra6 29. g3 g5 30. Nd2 Nf4 31. Kh2 Ne6 32. Rb8 Nd4 33. Rb7 Kg6 34. g4 Bf8
35. Kg2 Nc2 36. Nf1 Na3 37. Nd2 Nc2 38. Kf1 h5 39. gxh5+ Nxh5 40. Nf3 Nxe3+ 41.
fxe3 Nf6 42. Ke2 g4 43. hxg4 Nxg4 44. Nh4+ Kg5 45. Nf5 Nf6 46. Kf3 Ra8 47. Rb2
Kg6 48. Rb7 Ra6 49. Nh4+ Kg5 50. Kg3 Ra8 51. Nf3+ Kg6 52. Rb6 Nh5+ 53. Kf2 Nf6
54. Nd2 Kf7 55. Nb3 Be7 56. Rb7 Kf8 57. Ke2 Bd8 58. Kd3 Ng4 59. Rd7 Rb8 60. Nb5
Nf2+ 61. Kc2 Nxe4 62. Kd3 Nf2+ 63. Ke2 Ne4 64. Kf3 Ng5+ 65. Kg4 Nf7 66. Kf5 Be7
67. Ke6 Nd8+ 68. Kd5 Ke8 69. Ra7 Rc8 70. Na5 Kf8 71. Ra6 Nf7 72. Nc6 Bg5 73.
Ra7 Kg8 74. Rxf7 Rxc6 75. Kxc6 Kxf7 76. a5 1-0

[Event "II Weekend A"]
[Site "Novara ITA"]
[Date "2012.11.02"]
[Round "1"]
[White "Ceccarini, Marco"]
[Black "Collutiis, Duilio"]
[Result "0-1"]
[WhiteElo "2071"]
[BlackElo "2486"]
[PlyCount "54"]
[EventDate "2012.11.02"]

1. e4 c5 2. Nc3 Nc6 3. g3 g6 4. Bg2 Bg7 5. d3 d6 6. Be3 Rb8 7. Qd2 b5 8. Nge2
Nd4 9. O-O Bd7 10. Nd1 Qc8 11. c3 Nxe2+ 12. Qxe2 Nf6 13. f3 b4 14. Qd2 O-O 15.
Bh6 bxc3 16. bxc3 Bxh6 17. Qxh6 Qa6 18. Nf2 Rb2 19. d4 cxd4 20. cxd4 Rc8 21.
Rac1 Rxc1 22. Rxc1 Qe2 23. Rf1 Bb5 24. Qc1 Rxa2 25. e5 Nd5 26. Qc8+ Kg7 27. Qd8
Qe3 0-1

[Event "II Weekend A"]
[Site "Novara ITA"]
[Date "2012.11.02"]
[Round "1"]
[White "Salvador, Roland"]
[Black "Bisi, Samuele"]
[WhiteElo "2477"]
[BlackElo "2070"]
[Result "1-0"]
[PlyCount "43"]
[EventDate "2012.11.02"]

1. d4 Nf6 2. Nf3 e6 3. c4 c5 4. d5 exd5 5. cxd5 d6 6. Nc3 g6 7. Bf4 a6 8. e4 b5
9. Qe2 Be7 10. O-O-O O-O 11. e5 dxe5 12. d6 Bxd6 13. Bxe5 Ne8 14. Qd2 Qa5 15.
Bxd6 Nxd6 16. Qxd6 b4 17. Nd5 Qxa2 18. Nf6+ Kg7 19. Qe5 Kh6 20. g4 Qa1+ 21. Kd2
Rd8+ 22. Bd3 1-0

[Event "II Weekend A"]
[Site "Novara ITA"]
[Date "2012.11.02"]
[Round "1"]
[White "Laurenti, Stefano"]
[Black "Inkiov, Ventzislav V."]
[WhiteElo "2048"]
[BlackElo "2465"]
[Result "0-1"]
[PlyCount "68"]
[EventDate "2012.11.02"]

1. e4 c5 2. Nf3 d6 3. d4 cxd4 4. Nxd4 Nf6 5. Nc3 Nc6 6. Be2 g6 7. Be3 Bg7 8. h3
O-O 9. Qd2 d5 10. exd5 Nxd5 11. Nxd5 Qxd5 12. Bf3 Qe5 13. Nxc6 bxc6 14. O-O Ba6
15. Rfd1 Qxb2 16. Qa5 Qb5 17. Qa3 Bxa1 18. Rxa1 Qe5 19. Rd1 Bc4 20. Bd4 Qe6 21.
Qc3 Bd5 22. Re1 Qd7 23. Bg4 Qd8 24. Bc5 Re8 25. Qe5 Qb8 26. Qg5 Qc7 27. Re3
Rab8 28. Rg3 Qa5 29. Bd4 Qe1+ 30. Kh2 Rb1 31. Rf3 Bxf3 32. Bxf3 e5 33. Be3 f5
34. Bxc6 f4 0-1

[Event "II Weekend A"]
[Site "Novara ITA"]
[Date "2012.11.02"]
[Round "1"]
[White "Troiani, Mauro"]
[Black "Ranieri, Fabrizio"]
[WhiteElo "1988"]
[BlackElo "2301"]
[Result "0-1"]
[PlyCount "66"]
[EventDate "2012.11.02"]

1. d4 e6 2. c4 d5 3. Nc3 Nf6 4. cxd5 exd5 5. Bg5 Be7 6. e3 c6 7. Qc2 Nbd7 8.
Bd3 O-O 9. Nf3 Re8 10. O-O Nf8 11. a3 Ng6 12. b4 a6 13. Rab1 Bd6 14. a4 Bg4 15.
Nd2 Bd7 16. b5 Bxh2+ 17. Kh1 Bb8 18. Rfc1 h6 19. Bxh6 Ng4 20. Nf3 Nxh6 21. Bxg6
fxg6 22. Qxg6 Bf5 23. Qh5 Bxb1 24. Rxb1 Bc7 25. bxc6 bxc6 26. g4 Qf6 27. g5 Qf7
28. Qh3 Qf5 29. Qg2 Ng4 30. Rb7 Ba5 31. Ne2 Rab8 32. Rxb8 Rxb8 33. Qg3 Bc7 0-1

[Event "II Weekend A"]
[Site "Novara ITA"]
[Date "2012.11.02"]
[Round "1"]
[White "Vezzosi, Paolo"]
[Black "Bianchi, Alberto"]
[WhiteElo "2296"]
[BlackElo "1987"]
[Result "1-0"]
[PlyCount "95"]
[EventDate "2012.11.02"]

1. d4 d5 2. c4 e6 3. Nc3 Be7 4. cxd5 exd5 5. Bf4 Nf6 6. e3 O-O 7. Bd3 c5 8.
Nge2 Nc6 9. dxc5 Bxc5 10. O-O a6 11. Rc1 Be7 12. h3 Be6 13. a3 Rc8 14. Qa4 Qa5
15. Rfd1 b5 16. Qxa5 Nxa5 17. Nd4 Nc4 18. Bxc4 Rxc4 19. f3 Rfc8 20. Nce2 Rxc1
21. Nxc1 Bd7 22. Nd3 a5 23. Bg5 h6 24. Bh4 b4 25. axb4 axb4 26. Ra1 g5 27. Be1
Rb8 28. Bg3 Re8 29. Ra7 Bc8 30. Kf2 h5 31. Nc6 Bf8 32. Be5 Nd7 33. Bd4 g4 34.
hxg4 hxg4 35. Ncxb4 gxf3 36. gxf3 Be7 37. Nxd5 Bh4+ 38. Ke2 Bd8 39. Ra1 f6 40.
Ra7 Ne5 41. Bxe5 fxe5 42. Nc5 Bh4 43. b4 Bh3 44. b5 Rc8 45. Ne4 Rc2+ 46. Kd3
Rb2 47. b6 Be6 48. Nef6+ 1-0

[Event "II Weekend A"]
[Site "Novara ITA"]
[Date "2012.11.02"]
[Round "1"]
[White "Aghayev, Miragha"]
[Black "Castrogiovanni, Carlo"]
[WhiteElo "2245"]
[BlackElo "1978"]
[Result "1/2-1/2"]
[PlyCount "154"]
[EventDate "2012.11.02"]

1. e4 c5 2. Nf3 a6 3. c3 d5 4. exd5 Qxd5 5. d4 Nf6 6. Be2 cxd4 7. cxd4 e6 8.
O-O Nc6 9. Be3 Be7 10. Nc3 Qa5 11. a3 O-O 12. b4 Qd8 13. Qb3 Nd5 14. Bc4 Nxc3
15. Qxc3 Bf6 16. Ne5 Bd7 17. Rad1 Rc8 18. Ng4 b5 19. Nxf6+ Qxf6 20. Ba2 Ne7 21.
Qd2 Nd5 22. Rc1 Bc6 23. Rc5 Qg6 24. Bb1 f5 25. f3 Bb7 26. Bf4 Nb6 27. Bc2 Nd7
28. Bd6 Rfd8 29. Rxc8 Rxc8 30. Bc5 Bd5 31. a4 h6 32. axb5 axb5 33. Bd3 Ra8 34.
Qe1 Bc6 35. Qe2 Qf6 36. Bxb5 Nxc5 37. Bxc6 Qxd4+ 38. Kh1 Rc8 39. Bb5 Qxb4 40.
Bd7 Rf8 41. Bxe6+ Nxe6 42. Qxe6+ Kh8 43. Rd1 Qb5 44. h3 Re8 45. Qg6 Qe2 46. Rb1
Qe6 47. Qg3 Qe5 48. Qf2 Qe3 49. Qc2 Qe5 50. Qd3 f4 51. Qd2 Qe3 52. Qb4 Qe5 53.
Rd1 Rb8 54. Qc4 Qg5 55. Qd4 Re8 56. Rc1 Qg3 57. Qd2 Kh7 58. Qd3+ Kh8 59. Qd2
Kh7 60. Qc2+ Kh8 61. Qb1 Kg8 62. Kg1 Kh8 63. Qb4 Kh7 64. Qa5 Kh8 65. Qd2 Kh7
66. Kf1 Rb8 67. Re1 Qg5 68. Qd3+ Qg6 69. Qd4 Qa6+ 70. Kg1 Qb6 71. Qxb6 Rxb6 72.
Re4 g5 73. h4 Kg6 74. Kh2 Kh5 75. Kh3 Rb1 76. g4+ fxg3 77. Kxg3 Rh1 1/2-1/2

[Event "II Weekend A"]
[Site "Novara ITA"]
[Date "2012.11.02"]
[Round "1"]
[White "Bergner, Philipp"]
[Black "Marmili, Giulio"]
[WhiteElo "1967"]
[BlackElo "2232"]
[Result "0-1"]
[PlyCount "58"]
[EventDate "2012.11.02"]

1. d4 d5 2. c4 c6 3. Nf3 dxc4 4. e3 b5 5. a4 e6 6. axb5 cxb5 7. b3 Qc7 8. bxc4
bxc4 9. Qa4+ Nd7 10. Bd2 Ngf6 11. Ba5 Qb8 12. Bxc4 Bd6 13. Nc3 O-O 14. Rb1 Nb6
15. Qc2 Nxc4 16. Rxb8 Rxb8 17. e4 Nxa5 18. e5 Bb4 19. exf6 Ba6 20. Ng5 g6 21.
Nge4 Rfd8 22. Qd2 Nb3 23. Qh6 Bf8 24. Qh3 Nxd4 25. f3 Rb2 26. Qg3 Nb5 27. O-O
Nxc3 28. Nxc3 Bc5+ 29. Kh1 Bxf1 0-1

[Event "II Weekend A"]
[Site "Novara ITA"]
[Date "2012.11.03"]
[Round "2"]
[White "Angelini, Marco"]
[Black "Petkov, Vladimir"]
[WhiteElo "2258"]
[BlackElo "2566"]
[Result "0-1"]
[PlyCount "50"]
[EventDate "2012.11.02"]

1. e4 c5 2. Nf3 d6 3. c3 Nf6 4. Be2 g6 5. d3 Bg7 6. O-O O-O 7. h3 Nc6 8. Be3 e5
9. Qc1 Be6 10. Bh6 d5 11. Bxg7 Kxg7 12. Rd1 d4 13. Nbd2 Nh5 14. Nc4 Nf4 15. Bf1
Qf6 16. Nh2 h5 17. a3 Rfd8 18. b4 dxc3 19. Qxc3 Nd4 20. Qb2 cxb4 21. axb4 Rac8
22. Rxa7 Bxc4 23. dxc4 Nf3+ 24. Nxf3 Rxd1 25. Nxe5 Rcd8 0-1

[Event "II Weekend A"]
[Site "Novara ITA"]
[Date "2012.11.03"]
[Round "2"]
[White "Collutiis, Duilio"]
[Black "Vezzosi, Paolo"]
[WhiteElo "2486"]
[BlackElo "2296"]
[Result "1/2-1/2"]
[PlyCount "77"]
[EventDate "2012.11.02"]

1. Nf3 c5 2. e4 Nc6 3. Bb5 Nf6 4. Bxc6 dxc6 5. d3 g6 6. h3 Bg7 7. Nc3 Nd7 8.
Be3 e5 9. Qd2 h6 10. O-O Qe7 11. a3 b6 12. Nh2 Ba6 13. b4 O-O-O 14. Rfb1 f5 15.
f3 Bf6 16. b5 Bxb5 17. Nxb5 cxb5 18. Rxb5 Bg5 19. Nf1 f4 20. Bf2 Bh4 21. Bxh4
Qxh4 22. a4 Qf6 23. Rab1 h5 24. Qc3 Qd6 25. a5 Qd4+ 26. Qxd4 exd4 27. axb6 axb6
28. Nd2 Kc7 29. Nc4 Rb8 30. h4 Rhg8 31. Kf2 g5 32. e5 Rg6 33. hxg5 Rbg8 34. Rg1
Kc6 35. Rbb1 b5 36. Na5+ Kb6 37. Nc4+ Kc6 38. Na5+ Kb6 39. Nc4+ 1/2-1/2

[Event "II Weekend A"]
[Site "Novara ITA"]
[Date "2012.11.03"]
[Round "2"]
[White "Marmili, Giulio"]
[Black "Salvador, Roland"]
[WhiteElo "2232"]
[BlackElo "2477"]
[Result "0-1"]
[PlyCount "106"]
[EventDate "2012.11.02"]

1. Nf3 Nf6 2. g3 d5 3. c4 c6 4. Bg2 dxc4 5. a4 h6 6. Qc2 Be6 7. Na3 Na6 8. Nxc4
Nb4 9. Qc3 Nfd5 10. Qb3 b5 11. axb5 cxb5 12. Na3 Qb6 13. O-O a5 14. Qd1 Rd8 15.
e4 Nf6 16. e5 Nfd5 17. d4 Bf5 18. Ne1 e6 19. Qe2 Nc7 20. Bd2 Be7 21. Nac2 O-O
22. Nxb4 Bxb4 23. Be3 Nd5 24. Nd3 Bxd3 25. Qxd3 Rd7 26. Rfc1 Be7 27. Bf1 Rb8
28. Qe4 Nb4 29. Qg4 Bg5 30. f4 Be7 31. f5 Bg5 32. Bf2 Bxc1 33. Rxc1 exf5 34.
Qxf5 Qe6 35. Bh3 Qxf5 36. Bxf5 Rdd8 37. Rc5 g6 38. Be4 Rdc8 39. d5 Kf8 40. Be3
Ke8 41. Kf2 Rxc5 42. Bxc5 Rc8 43. Bb6 a4 44. Ke3 Rc4 45. h4 h5 46. Ba7 Nc2+ 47.
Kd3 Ne1+ 48. Ke3 b4 49. d6 Nc2+ 50. Kd3 Rxe4 51. Kxe4 a3 52. e6 fxe6 53. Ke5
Kd7 0-1

[Event "II Weekend A"]
[Site "Novara ITA"]
[Date "2012.11.03"]
[Round "2"]
[White "Inkiov, Ventzislav V."]
[Black "Cereda, Loris"]
[WhiteElo "2465"]
[BlackElo "2227"]
[Result "1-0"]
[PlyCount "45"]
[EventDate "2012.11.02"]

1. e4 e5 2. Nf3 Nc6 3. Bc4 Bc5 4. d3 Nf6 5. Nc3 d6 6. Bg5 h6 7. Bxf6 Qxf6 8.
Nd5 Qd8 9. c3 a6 10. d4 Ba7 11. dxe5 Nxe5 12. Nxe5 dxe5 13. Qh5 O-O 14. Rd1 c6
15. Ne3 Qf6 16. O-O b5 17. Bb3 Be6 18. Rd6 Rac8 19. Bxe6 fxe6 20. Ng4 Qf4 21.
Rxe6 Qxe4 22. Nxh6+ gxh6 23. Rg6+ 1-0

[Event "II Weekend A"]
[Site "Novara ITA"]
[Date "2012.11.03"]
[Round "2"]
[White "Ranieri, Fabrizio"]
[Black "Stefanetti, Marco"]
[WhiteElo "2301"]
[BlackElo "2093"]
[Result "1/2-1/2"]
[PlyCount "163"]
[EventDate "2012.11.02"]

1. e4 c6 2. d4 d5 3. exd5 cxd5 4. c4 Nf6 5. Nc3 e6 6. Bf4 Bd6 7. Bxd6 Qxd6 8.
c5 Qc7 9. Nf3 O-O 10. Be2 b6 11. b4 bxc5 12. Nb5 Qd8 13. bxc5 Ne4 14. O-O a6
15. Na3 Nc3 16. Qd2 Nxe2+ 17. Qxe2 Nc6 18. Qd2 a5 19. Rfb1 Ba6 20. Rb6 Qc7 21.
Nb5 Bxb5 22. Rxb5 Rfb8 23. a4 Rb7 24. h4 Rab8 25. Rab1 Nb4 26. Qe2 Nc6 27. Rxb7
Rxb7 28. Rb5 Na7 29. Rxb7 Qxb7 30. Qe5 Nc6 31. Qd6 Qb1+ 32. Kh2 Qb8 33. Qxb8+
Nxb8 34. Kg3 f6 35. Kf4 Kf7 36. g4 Nc6 37. Ke3 e5 38. dxe5 fxe5 39. Ng5+ Kg6
40. f4 h6 41. Nf3 exf4+ 42. Kxf4 Kf6 43. h5 Nb4 44. Ke3 Nc2+ 45. Kd3 Nb4+ 46.
Kc3 Nc6 47. Nd4 Ne5 48. c6 Ke7 49. Nf5+ Kd8 50. Kd4 Nxg4 51. Kxd5 Kc7 52. Nxg7
Nf6+ 53. Kc5 Ne4+ 54. Kd4 Nf6 55. Ke5 Nh7 56. Kd5 Nf6+ 57. Kc5 Ne4+ 58. Kb5
Nd6+ 59. Kxa5 Kxc6 60. Kb4 Kb6 61. Ne6 Nf5 62. Nf4 Ka6 63. a5 Ne7 64. Nd3 Nd5+
65. Ka4 Nc3+ 66. Kb3 Ne4 67. Kb4 Nf6 68. Nf4 Ne4 69. Nd5 Ng3 70. Nf6 Nf5 71.
Ne4 Ng7 72. Nc5+ Ka7 73. Kb5 Nxh5 74. Ne6 Nf6 75. Nd4 h5 76. Nc6+ Ka8 77. Ne5
h4 78. Nf3 h3 79. Kc5 Ng4 80. Kd4 h2 81. Nxh2 Nxh2 82. Ke4 1/2-1/2

[Event "II Weekend A"]
[Site "Novara ITA"]
[Date "2012.11.03"]
[Round "2"]
[White "Andraschko, Felix"]
[Black "Cummings, Nicolai"]
[WhiteElo "2101"]
[BlackElo "1932"]
[Result "1-0"]
[PlyCount "61"]
[EventDate "2012.11.02"]

1. d4 Nf6 2. c4 d6 3. Nf3 Nbd7 4. g3 e5 5. Bg2 Be7 6. O-O O-O 7. Qc2 c6 8. Nc3
Qc7 9. b3 a6 10. Rd1 Rb8 11. a4 a5 12. c5 Re8 13. h3 Ra8 14. cxd6 Bxd6 15. e4
exd4 16. Nxd4 Nc5 17. f4 Ne6 18. Nxe6 Bxe6 19. Be3 Bb4 20. e5 Nd7 21. Nb5 Qb8
22. Nd6 Bxd6 23. Rxd6 f6 24. f5 Bxf5 25. Qxf5 Rxe5 26. Qxd7 Rxe3 27. Rad1 Qa7
28. Kh2 Re2 29. Re6 Rxe6 30. Qxe6+ Kh8 31. Qe7 1-0

[Event "II Weekend A"]
[Site "Novara ITA"]
[Date "2012.11.03"]
[Round "2"]
[White "Mondal, Prince"]
[Black "Aghayev, Miragha"]
[WhiteElo "1912"]
[BlackElo "2245"]
[Result "0-1"]
[PlyCount "74"]
[EventDate "2012.11.02"]

1. e4 c5 2. Nf3 d6 3. Nc3 Nf6 4. d4 cxd4 5. Nxd4 a6 6. Be3 e6 7. f3 b5 8. Qd2
Nbd7 9. g4 Nb6 10. a3 Bb7 11. O-O-O Rc8 12. h4 Nfd7 13. f4 Nc5 14. Qg2 Nba4 15.
Nde2 Nxc3 16. Nxc3 Qa5 17. Kb1 b4 18. axb4 Qxb4 19. Rd4 Qb6 20. Qf2 Bc6 21. Bg2
Rb8 22. Bc1 Be7 23. g5 O-O 24. h5 Qb7 25. Re1 e5 26. Rd2 exf4 27. Qxf4 Ne6 28.
Qf2 Bxg5 29. Nd5 Bxd5 30. exd5 Nc5 31. Bf3 Na4 32. b3 Nc3+ 33. Kb2 Bf6 34. Rd4
Nb5 35. Be3 Rfe8 36. Red1 Rxe3 37. Qxe3 Nxd4 0-1

[Event "II Weekend A"]
[Site "Novara ITA"]
[Date "2012.11.03"]
[Round "3"]
[White "Salvador, Roland"]
[Black "Stella, Andrea"]
[WhiteElo "2477"]
[BlackElo "2454"]
[Result "1-0"]
[PlyCount "117"]
[EventDate "2012.11.02"]

1. c4 Nf6 2. Nc3 c5 3. g3 e6 4. Nf3 b6 5. Bg2 Bb7 6. O-O Be7 7. d4 cxd4 8. Qxd4
d6 9. Bg5 O-O 10. Bxf6 Bxf6 11. Qf4 Bxc3 12. bxc3 Qc7 13. Rfd1 Rd8 14. Rd2 Nc6
15. Rad1 Na5 16. Rxd6 Rxd6 17. Qxd6 Qxd6 18. Rxd6 Nxc4 19. Rd7 Bd5 20. Ng5 Bxg2
21. Kxg2 Ne5 22. Rc7 h6 23. Nf3 Nxf3 24. Kxf3 b5 25. Ke3 a5 26. Rc5 b4 27. Kd3
bxc3 28. Kxc3 g5 29. h4 Kg7 30. a4 Kg6 31. h5+ Kf6 32. f4 gxf4 33. gxf4 Ke7 34.
Kd4 Rb8 35. Rxa5 Rb4+ 36. Ke3 Rb3+ 37. Kf2 Rh3 38. Rb5 f5 39. a5 Ra3 40. Rb7+
Kd6 41. Ra7 Kd5 42. e3 Ke4 43. Re7 Ra2+ 44. Kg3 Kd5 45. Rd7+ Ke4 46. Re7 Kd5
47. Rh7 Rxa5 48. Rxh6 Ra3 49. Kf3 Kd6 50. Rh7 Ra1 51. h6 Rh1 52. Ke2 Rh3 53.
Kd3 e5 54. Rh8 Ke6 55. h7 Kf7 56. Ra8 Kg7 57. h8=Q+ Rxh8 58. Rxh8 exf4 59. Rh4
1-0

[Event "II Weekend A"]
[Site "Novara ITA"]
[Date "2012.11.03"]
[Round "3"]
[White "Montilli, Vincenzo"]
[Black "Ranieri, Fabrizio"]
[WhiteElo "1888"]
[BlackElo "2301"]
[Result "0-1"]
[PlyCount "88"]
[EventDate "2012.11.02"]

1. d4 d5 2. c4 e6 3. Nc3 Nf6 4. cxd5 exd5 5. Bg5 Be7 6. Qc2 c6 7. e3 Nbd7 8.
Bd3 O-O 9. Nf3 Re8 10. O-O Nf8 11. Rab1 Ng6 12. b4 a6 13. a4 Bd6 14. Rfc1 Bg4
15. Nd2 Bd7 16. Bxf6 Qxf6 17. b5 axb5 18. axb5 Nh4 19. Bxh7+ Kh8 20. Bd3 Bxh2+
21. Kxh2 Qxf2 22. Bf1 Rxe3 23. Kh1 Nf5 24. Nf3 Rxf3 25. Qxf2 Rxf2 26. bxc6 bxc6
27. Kg1 Rd2 28. Rb7 Be6 29. Ne2 Nxd4 30. Nxd4 Rxd4 31. Rxc6 Ra1 32. Rc2 Rf4 33.
Rf2 Rxf2 34. Kxf2 Kh7 35. Bd3+ Kh6 36. Rb2 Kg5 37. Ke3 Kg4 38. Be2+ Kf5 39. Rb4
Ke5 40. Rb5 Ra3+ 41. Kf2 g5 42. g3 Ke4 43. Rb4+ d4 44. Rb5 Ra2 0-1

[Event "II Weekend A"]
[Site "Novara ITA"]
[Date "2012.11.03"]
[Round "3"]
[White "Vezzosi, Paolo"]
[Black "Andraschko, Felix"]
[WhiteElo "2296"]
[BlackElo "2101"]
[Result "1-0"]
[PlyCount "77"]
[EventDate "2012.11.02"]

1. d4 Nf6 2. Nf3 d5 3. c4 e6 4. Nc3 Bb4 5. Qa4+ Nc6 6. Ne5 Bd7 7. Nxc6 Bxc3+ 8.
bxc3 Bxc6 9. Qb3 Ne4 10. Be3 dxc4 11. Qxc4 Qd5 12. Qb4 a5 13. Qa3 Nd6 14. Bf4
Bb5 15. f3 f5 16. Rb1 Ba6 17. e3 Bxf1 18. Rxf1 O-O 19. Bxd6 cxd6 20. Qb3 Qxb3
21. Rxb3 Rfc8 22. Kd2 Rc7 23. Rfb1 Rac8 24. Ra3 g5 25. Rb5 a4 26. Rb6 Kf7 27.
Rxd6 Ra8 28. Rb6 Ra5 29. Kd3 h5 30. c4 h4 31. c5 h3 32. g3 e5 33. Kc4 f4 34.
gxf4 gxf4 35. Rh6 Kg7 36. Re6 fxe3 37. Rxe5 Ra6 38. Raxe3 Rg6 39. f4 1-0

[Event "II Weekend A"]
[Site "Novara ITA"]
[Date "2012.11.03"]
[Round "3"]
[White "Aghayev, Miragha"]
[Black "Stefanetti, Marco"]
[WhiteElo "2245"]
[BlackElo "2093"]
[Result "1/2-1/2"]
[PlyCount "61"]
[EventDate "2012.11.02"]

1. e4 c6 2. d4 d5 3. Nd2 dxe4 4. Nxe4 Bf5 5. Ng3 Bg6 6. h4 h6 7. Nf3 Nd7 8. h5
Bh7 9. Bd3 Bxd3 10. Qxd3 e6 11. Bd2 Ngf6 12. O-O-O Be7 13. Ne4 Nxe4 14. Qxe4
Nf6 15. Qe2 Qd5 16. c4 Qe4 17. Be3 O-O 18. Ne5 Rfd8 19. f3 Qh7 20. g4 Nd7 21.
Nd3 b5 22. c5 Nf6 23. Ne5 Rac8 24. Rdf1 Nd5 25. Bd2 Bf6 26. f4 Ne7 27. Qe3 Nd5
28. Qf3 Ne7 29. Qe3 Nd5 30. Qf2 Ne7 31. Qe3 1/2-1/2

[Event "II Weekend A"]
[Site "Novara ITA"]
[Date "2012.11.03"]
[Round "3"]
[White "Laurenti, Stefano"]
[Black "Angelini, Marco"]
[WhiteElo "2048"]
[BlackElo "2258"]
[Result "1-0"]
[PlyCount "85"]
[EventDate "2012.11.02"]

1. e4 c5 2. Nf3 e6 3. d4 cxd4 4. Nxd4 Nf6 5. Nc3 d6 6. Be2 a6 7. a4 Nbd7 8. a5
Qc7 9. O-O Be7 10. f4 O-O 11. Be3 Rb8 12. Bf3 b5 13. e5 dxe5 14. Nc6 Bd6 15.
Nxb8 Qxb8 16. fxe5 Nxe5 17. Bf4 b4 18. Ne4 Nxe4 19. Bxe4 f5 20. Bf3 Nxf3+ 21.
Qxf3 e5 22. Qd5+ Kh8 23. Rad1 Bc7 24. Qc5 Kg8 25. Qd5+ Kh8 26. Qc5 Kg8 27. Bg5
Be6 28. Be7 Re8 29. Bd6 Bxd6 30. Rxd6 e4 31. Rxa6 g6 32. Rb6 Qd8 33. Qd6 Qf6
34. a6 e3 35. a7 e2 36. Re1 Qxb2 37. Qxe6+ Rxe6 38. a8=Q+ Kf7 39. Rb7+ Re7 40.
Rxe7+ Kxe7 41. Rxe2+ Kf7 42. Qe8+ Kg7 43. Qe5+ 1-0

[Event "II Weekend A"]
[Site "Novara ITA"]
[Date "2012.11.03"]
[Round "3"]
[White "Cereda, Loris"]
[Black "Cummings, Nicolai"]
[WhiteElo "2227"]
[BlackElo "1932"]
[Result "1/2-1/2"]
[PlyCount "110"]
[EventDate "2012.11.02"]

1. e4 d6 2. d4 Nf6 3. Bd3 e5 4. c3 Be7 5. Nf3 Nbd7 6. O-O O-O 7. Re1 c6 8. a4
a5 9. Nbd2 Re8 10. b3 b6 11. Ba3 Bb7 12. Nc4 Qc7 13. Ne3 c5 14. Nf5 Bf8 15. Ng3
Rad8 16. dxe5 Nxe5 17. Nxe5 dxe5 18. Qe2 Rd7 19. Bb5 Bc6 20. Rad1 Red8 21. f3
g6 22. Rxd7 Qxd7 23. Bxc6 Qxc6 24. Rd1 Rxd1+ 25. Qxd1 Qe6 26. c4 Qd7 27. Qxd7
Nxd7 28. Ne2 f6 29. Nc3 Bd6 30. Nd5 Kf7 31. Bc1 g5 32. Kf2 Kg6 33. Bd2 Kg7 34.
Ke3 Kg6 35. Kd3 Kf7 36. Be1 Ke6 37. h4 h6 38. h5 Bb8 39. Bd2 Bd6 40. g3 Bb8 41.
Ne3 Bd6 42. Ng4 Bf8 43. Ne3 Bd6 44. Nf5 Bf8 45. Bc3 Nb8 46. Ke3 Nc6 47. f4 Ne7
48. fxe5 fxe5 49. g4 Nc6 50. Kd3 Nb8 51. Ne3 Bd6 52. Bd2 Nd7 53. Nd5 Kf7 54.
Be1 Ke6 55. Bg3 Bb8 1/2-1/2

[Event "II Weekend A"]
[Site "Novara ITA"]
[Date "2012.11.03"]
[Round "3"]
[White "Coppola, Federico"]
[Black "Ventura, Franco"]
[WhiteElo "1937"]
[BlackElo "2083"]
[Result "0-1"]
[PlyCount "64"]
[EventDate "2012.11.02"]

1. e4 c5 2. Nf3 d6 3. d4 cxd4 4. Nxd4 Nf6 5. Nc3 g6 6. Be3 a6 7. f3 b5 8. Qd2
Bb7 9. g4 h5 10. g5 Nfd7 11. f4 e5 12. Nf3 Be7 13. Nd5 exf4 14. Bxf4 O-O 15.
O-O-O Ne5 16. Nxe5 dxe5 17. Qc3 exf4 18. Nc7 Qc8 19. Bh3 b4 20. Bxc8 bxc3 21.
Nxa8 cxb2+ 22. Kxb2 Bxc8 23. h4 Bg4 24. Rd3 Be2 25. Rd2 f3 26. Nc7 Nc6 27. Nd5
Rb8+ 28. Kc3 Bb4+ 29. Nxb4 Nxb4 30. a3 Nc6 31. Rd6 Rc8 32. Kd2 Ne5 0-1

[Event "II Weekend A"]
[Site "Novara ITA"]
[Date "2012.11.04"]
[Round "4"]
[White "Collutiis, Duilio"]
[Black "Salvador, Roland"]
[WhiteElo "2486"]
[BlackElo "2477"]
[Result "1-0"]
[PlyCount "103"]
[EventDate "2012.11.02"]

1. e4 c6 2. c4 d5 3. exd5 cxd5 4. cxd5 Nf6 5. Nc3 Nxd5 6. Nf3 e6 7. Bc4 Be7 8.
O-O O-O 9. d4 Nxc3 10. bxc3 Qc7 11. Qd3 Nd7 12. Re1 Rd8 13. Ng5 Nf6 14. Bb3 Bd7
15. Bd2 Rac8 16. Bc2 h6 17. Ne4 Nd5 18. Ng3 g6 19. Bb3 Nf4 20. Qf3 Bg5 21. Ne4
Bc6 22. h4 Bxe4 23. Rxe4 Nh3+ 24. Qxh3 Bxd2 25. c4 Qc6 26. d5 exd5 27. cxd5 Qf6
28. Rd1 Rc3 29. Qg4 h5 30. Qe2 Bf4 31. Re8+ Kg7 32. Rxd8 Qxd8 33. d6 Qxh4 34.
Qe7 Qh2+ 35. Kf1 Rxb3 36. axb3 Qh1+ 37. Ke2 Qxg2 38. Rd3 Bg5 39. Qe5+ Bf6 40.
Qf4 g5 41. Qf5 Qc6 42. d7 Bd8 43. Qe5+ f6 44. Qd4 Qa6 45. Ke1 h4 46. Re3 Qb5
47. b4 Qc6 48. Re8 Qc7 49. Qd5 Qc1+ 50. Ke2 Qc2+ 51. Kf3 Qc3+ 52. Kg4 1-0

[Event "II Weekend A"]
[Site "Novara ITA"]
[Date "2012.11.04"]
[Round "4"]
[White "Ranieri, Fabrizio"]
[Black "Petkov, Vladimir"]
[WhiteElo "2301"]
[BlackElo "2566"]
[Result "0-1"]
[PlyCount "57"]
[EventDate "2012.11.02"]

1. e4 c5 2. Nf3 d6 3. d4 cxd4 4. Nxd4 Nf6 5. Nc3 a6 6. h3 e5 7. Nde2 h5 8. g3
Be6 9. Bg2 Nbd7 10. Be3 Rc8 11. f4 Qc7 12. O-O b5 13. Nd5 Bxd5 14. exd5 Be7 15.
c3 Nb6 16. Qd3 Qc4 17. Rfd1 Qxd3 18. Rxd3 Nc4 19. Bc1 Bd8 20. Kf1 O-O 21. b3 e4
22. Rd4 Nb6 23. Bxe4 Nxe4 24. Rxe4 Nxd5 25. Ba3 Bb6 26. Rc1 Rfd8 27. Kg2 Rc7
28. f5 Nf6 29. Rh4 0-1

[Event "II Weekend A"]
[Site "Novara ITA"]
[Date "2012.11.04"]
[Round "4"]
[White "Inkiov, Ventzislav V."]
[Black "Vezzosi, Paolo"]
[WhiteElo "2465"]
[BlackElo "2296"]
[Result "1/2-1/2"]
[PlyCount "59"]
[EventDate "2012.11.02"]

1. d4 Nf6 2. c4 e6 3. Nc3 Bb4 4. e3 b6 5. Bd3 Bb7 6. f3 c5 7. a3 Bxc3+ 8. bxc3
Nc6 9. Ne2 Na5 10. e4 cxd4 11. cxd4 Rc8 12. Bg5 h6 13. Bh4 Nxc4 14. Bxc4 Rxc4
15. O-O d5 16. e5 g5 17. Bf2 Nh5 18. Be3 f5 19. g4 Ng7 20. f4 h5 21. fxg5 hxg4
22. Qd2 Nh5 23. Ra2 Qc7 24. Nf4 Nxf4 25. Bxf4 Kf7 26. a4 Kg6 27. Rb1 Ba6 28. a5
b5 29. Rb3 Qe7 30. Rab2 1/2-1/2

[Event "II Weekend A"]
[Site "Novara ITA"]
[Date "2012.11.04"]
[Round "4"]
[White "Stella, Andrea"]
[Black "Ceccarini, Marco"]
[WhiteElo "2454"]
[BlackElo "2071"]
[Result "1-0"]
[PlyCount "69"]
[EventDate "2012.11.02"]

1. Nf3 f5 2. c4 Nf6 3. g3 g6 4. Bg2 Bg7 5. O-O O-O 6. Nc3 d6 7. d3 Nc6 8. Rb1
e5 9. b4 h6 10. b5 Ne7 11. a4 Rb8 12. c5 Be6 13. cxd6 cxd6 14. Ba3 Ned5 15.
Nxd5 Nxd5 16. Rc1 Rf7 17. Nd2 Rd7 18. Nc4 Nb6 19. Nxb6 Qxb6 20. Qd2 a6 21. Rb1
a5 22. Rfc1 Rdd8 23. Bb2 d5 24. e3 d4 25. exd4 e4 26. dxe4 Bxd4 27. Qxh6 Ba2
28. Bxd4 Rxd4 29. Ra1 Rbd8 30. Rxa2 Rd1+ 31. Rxd1 Rxd1+ 32. Bf1 Qe6 33. Rd2
Rxf1+ 34. Kxf1 Qc4+ 35. Kg1 1-0

[Event "II Weekend A"]
[Site "Novara ITA"]
[Date "2012.11.04"]
[Round "4"]
[White "Ventura, Franco"]
[Black "Aghayev, Miragha"]
[WhiteElo "2083"]
[BlackElo "2245"]
[Result "0-1"]
[PlyCount "80"]
[EventDate "2012.11.02"]

1. c4 Nf6 2. g3 c5 3. Bg2 d5 4. cxd5 Nxd5 5. Nc3 Nc7 6. d3 e5 7. f4 exf4 8.
Bxf4 Nc6 9. Nf3 Ne6 10. Bd2 Be7 11. O-O O-O 12. a3 Ned4 13. Nxd4 Qxd4+ 14. Kh1
Be6 15. Qc1 Qd7 16. Be3 Nd4 17. Bxd4 cxd4 18. Ne4 Rac8 19. Qd2 h6 20. Rac1 f5
21. Rxc8 Rxc8 22. Nf2 Bg5 23. Qb4 Rc2 24. Bf3 b6 25. a4 Be7 26. Qb5 Qxb5 27.
axb5 Rxb2 28. Ra1 Rxb5 29. Rxa7 Bg5 30. Kg2 Be3 31. h4 Rb1 32. h5 b5 33. Bc6 b4
34. Be8 Bd5+ 35. Ne4 fxe4 36. dxe4 Bxe4+ 37. Kh3 Kf8 38. Bg6 Bxg6 39. hxg6 b3
40. Kg4 b2 0-1